All Songs on Justin Bieber's New Album SWAG - Statistics

General Stats
  • This quiz has been taken 41 times
  • The average score is 14 of 21
Answer Stats
Track Answer % Correct
2. Daisies
92%
3. Yukon
92%
1. All I Can Take
79%
6. Butterflies
75%
4. Go Baby
75%
18. Swag (with Cash Cobain and Eddie Benjamin)
71%
15. Sweet Spot (with Sexyy Red)
67%
14. Therapy Session (with Druski)
67%
17. 405
63%
12. Devotion (with Dijon)
63%
5. Things You Do
63%
20. Too Long
63%
10. Walking Away
63%
19. Zuma House
63%
13. Dadz Love (with Lil B)
58%
8. First Place
54%
21. Forgiveness (Rick Founds & Marvin Winans)
54%
9. Soulful (with Druski)
54%
16. Standing on Business (with Druski)
54%
11. Glory Voice Memo
50%
7. Way It Is (with Gunna)
46%
No matching quizzes found
Score Distribution
Percent of People with Each Score
Percentile by Number Answered
Your Score History
You have not taken this quiz